| 000 | 00000nam##2200000za#4500 |
| 001 | 9.575028 |
| 003 | CaOODSP |
| 005 | 20210624184452 |
| 007 | cr ||||||||||| |
| 008 | 150406|2003||||xxc|||||o f|0| 0 eng|d |
| 022 | |a1488-5379 |
| 040 | |aCaOODSP|beng |
| 043 | |an-cn--- |
| 086 | 1 |aFs97-6/2505E-PDF |
| 110 | 1 |aCanada. |bDepartment of Fisheries and Oceans. |
| 245 | 10|aStandardizing the southern Gulf of St. Lawrence bottom-trawl survey time series - adjusting for changes in research vessel, gear and survey protocol / |h[electronic resource]|cby H.P. Benoît and D.P. Swain. |
| 260 | |aMoncton - New Brunswick : |bFisheries and Oceans Canada |cc2003. |
| 300 | |a100p.|bfigs., references, tables |
| 490 | 1 |aCanadian technical report of fisheries and aquatic sciences|x1488-5379|vNo. 2505 |
| 500 | |aThe catalogue number and ISSN for the print edition appear in this electronic version. |
| 590 | |a12-37-Supp|b2012-09-24 |
| 720 | 1 |aBenoît, H. P. |
| 720 | 1 |aSwain, D. P. |
| 830 | #0|aCanadian technical report of fisheries and aquatic sciences,|x1488-5379|vNo. 2505|w(CaOODSP)9.504449 |
| 856 | 40|ahttp://publications.gc.ca|qPDF|s4121 KB|uhttps://publications.gc.ca/collections/collection_2012/mpo-dfo/Fs97-6-2505-eng.pdf|yNo. 2505 |